Nuevas notas sobre lo contencioso-administrativo / (Record no. 99330)

MARC details
000 -LEADER
campo de control de longitud fija 00658nam a2200193 i 4500
001 - NÚMERO DE CONTROL
campo de control 99330
003 - IDENTIFICADOR DE NÚMERO DE CONTROL
campo de control ES-MaACL
005 - FECHA Y HORA DE LA ÚLTIMA TRANSACCIÓN
campo de control 20230906182459.0
007 - CAMPO FIJO DE DESCRIPCIÓN FÍSICA--INFORMACIÓN GENERAL
campo de control de longitud fija t|
008 - DATOS DE LONGITUD FIJA--INFORMACIÓN GENERAL
campo de control de longitud fija 050907s1951 sp ||||1| spa d
100 1# - ENTRADA PRINCIPAL--NOMBRE DE PERSONA
Nombre de persona Martín Retortillo, Cirilo.
9 (RLIN) 77625
245 10 - MENCIÓN DEL TÍTULO
Título Nuevas notas sobre lo contencioso-administrativo /
Mención de responsabilidad, etc. Cirilo Martín Retortillo; con prólogo de José Calvo Sotelo.
260 ## - PUBLICACIÓN, DISTRIBUCIÓN, ETC.
Lugar de publicación, distribución, etc. Madrid :
Nombre del editor, distribuidor, etc. Aguilar,
Fecha de publicación, distribución, etc. 1951.
300 ## - DESCRIPCIÓN FÍSICA
Extensión XXIII, 296 p. ;
Dimensiones 22 cm.
650 00 - PUNTO DE ACCESO ADICIONAL DE MATERIA--TÉRMINO DE MATERIA
Término de materia o nombre geográfico como elemento de entrada Procedimiento contencioso administrativo-
Subdivisión geográfica España.
9 (RLIN) 16424
700 1# - ENTRADA AGREGADA--NOMBRE PERSONAL
Nombre de persona Calvo Sotelo, José,
Fechas asociadas al nombre 1893-1936
9 (RLIN) 33914
852 ## - LOCALIZACIÓN
Ubicación ES-MaACL
Número de control de estantería D-5378
Holdings
Estatus retirado Estado de pérdida Estado de daño No para préstamo Biblioteca de origen Biblioteca actual Ubicación en estantería Fecha de adquisición Fuente de adquisición Total de préstamos Signatura topográfica completa Código de barras Visto por última vez Precio de reemplazo Tipo de ítem Koha
        Biblioteca del Ateneo de Madrid Biblioteca del Ateneo de Madrid Sala Valle Inclán 17/01/2008     D-5378 901103718 23/02/2023 23/02/2023 Libro impreso